000 00353pab a2200145 454500
008 180718b1985 xxu||||| |||| 00| 0 eng d
100 _aKulkarni, R.S.
245 _aCommunication in the police organisation
260 _c1985
300 _a17-19,27
362 _aJuly
650 _aPolice Communications
773 _aSocial Welfare
909 _a15200
999 _c15200
_d15200